000 00351 a2200145 4500
001 62067
020 _a8527700654
040 _cAnchieta - Pituba
100 _aGuerra, Marcelo dos Santos
240 1 0 _aIntrodução à citogenética geral
_lpor
245 1 0 _aIntrodução à citogenética geral
300 _a142
650 4 _aGenética
942 _cBK
999 _c62067
_d62067